Alle Länder nach Fläche (absteigende Reihenfolge) - Statistiken

Allgemein
  • Dieses Quiz wurde 13 mal gespielt
    9 seit der letzten Aktualisierung
  • Das Durchschnittsergebnis liegt bei 40 aus 193
Antwortstatistiken
Hint Antwort % Korrekt
7'741'220 km² Australien
100%
8'515'770 km² Brasilien
100%
9'596'960 km² China
100%
9'984'670 km² Kanada
100%
17'098'242 km² Russland
100%
9'525'067 km² USA
100%
2'381'740 km² Algerien
75%
2'780'400 km² Argentinien
75%
3'287'263 km² Indien
75%
2'724'900 km² Kasachstan
75%
2'344'858 km² Demokratische Republik Kongo
63%
2'209'180 km² Dänemark
38%
1'904'569 km² Indonesien
38%
1'648'195 km² Iran
38%
1'759'540 km² Libyen
38%
1'564'116 km² Mongolei
38%
1'285'216 km² Peru
38%
2'149'690 km² Saudi-Arabien
38%
1'861'484 km² Sudan
38%
652'230 km² Afghanistan
25%
1'001'450 km² Ägypten
25%
468 km² Andorra
25%
1'246'700 km² Angola
25%
443 km² Antigua und Barbuda
25%
760 km² Bahrain
25%
207'600 km² Belarus
25%
30'528 km² Belgien
25%
22'966 km² Belize
25%
1'098'581 km² Bolivien
25%
51'197 km² Bosnien und Herzegowina
25%
756'102 km² Chile
25%
51'100 km² Costa Rica
25%
357'022 km² Deutschland
25%
751 km² Dominica
25%
338'145 km² Finnland
25%
643'801 km² Frankreich
25%
344 km² Grenada
25%
108'889 km² Guatemala
25%
112'090 km² Honduras
25%
438'317 km² Irak
25%
10'991 km² Jamaika
25%
377'975 km² Japan
25%
527'968 km² Jemen
25%
11'586 km² Katar
25%
580'367 km² Kenia
25%
1'138'910 km² Kolumbien
25%
2'235 km² Komoren
25%
56'594 km² Kroatien
25%
17'818 km² Kuwait
25%
160 km² Liechtenstein
25%
2'586 km² Luxemburg
25%
587'041 km² Madagaskar
25%
298 km² Malediven
25%
1'240'192 km² Mali
25%
316 km² Malta
25%
716'550 km² Marokko
25%
181 km² Marshallinseln
25%
2'040 km² Mauritius
25%
1'964'375 km² Mexiko
25%
702 km² Mikronesien
25%
13'812 km² Montenegro
25%
21 km² Nauru
25%
1'267'000 km² Niger
25%
923'768 km² Nigeria
25%
323'802 km² Norwegen
25%
309'500 km² Oman
25%
796'095 km² Pakistan
25%
459 km² Palau
25%
75'420 km² Panama
25%
406'752 km² Paraguay
25%
312'685 km² Polen
25%
238'391 km² Rumänien
25%
2'831 km² Samoa
25%
61 km² San Marino
25%
964 km² São Tomé und Príncipe
25%
450'295 km² Schweden
25%
455 km² Seychellen
25%
719 km² Singapur
25%
505'370 km² Spanien
25%
261 km² St. Kitts und Nevis
25%
616 km² St. Lucia
25%
389 km² St. Vincent und die Grenadinen
25%
1'219'090 km² Südafrika
25%
947'300 km² Tansania
25%
513'120 km² Thailand
25%
1'284'000 km² Tschad
25%
783'562 km² Türkei
25%
488'100 km² Turkmenistan
25%
26 km² Tuvalu
25%
241'038 km² Uganda
25%
603'550 km² Ukraine
25%
447'400 km² Usbekistan
25%
12'189 km² Vanuatu
25%
912'050 km² Venezuela
25%
83'600 km² Vereinigte Arabische Emirate
25%
9'251 km² Zypern
25%
28'748 km² Albanien
13%
29'743 km² Armenien
13%
1'104'300 km² Äthiopien
13%
13'880 km² Bahamas
13%
148'460 km² Bangladesch
13%
430 km² Barbados
13%
38'394 km² Bhutan
13%
5'765 km² Brunei
13%
27'830 km² Burundi
13%
283'561 km² Ecuador
13%
21'041 km² El Salvador
13%
17'364 km² Eswatini
13%
11'300 km² Gambia
13%
69'700 km² Georgien
13%
131'957 km² Griechenland
13%
243'610 km² Grossbritannien
13%
36'125 km² Guinea-Bissau
13%
214'969km² Guyana
13%
70'273 km² Irland
13%
21'937 km² Israel
13%
475'440 km² Kamerun
13%
4'033 km² Kap Verde
13%
199'951 km² Kirgistan
13%
811 km² Kiribati
13%
110'860 km² Kuba
13%
236'800 km² Laos
13%
30'355 km² Lesotho
13%
10'400 km² Libanon
13%
330'803 km² Malaysia
13%
1'030'700 km² Mauretanien
13%
33'851 km² Moldau
13%
2 km² Monaco
13%
799'380 km² Mosambik
13%
676'578 km² Myanmar
13%
824'292 km² Namibia
13%
268'838 km² Neuseeland
13%
130'370 km² Nicaragua
13%
41'543 km² Niederlande
13%
120'538 km² Nordkorea
13%
25'713 km² Nordmazedonien
13%
83'871 km² Österreich
13%
14'874 km² Osttimor
13%
462'840 km² Papua-Neuguinea
13%
300'000 km² Philippinen
13%
342'000 km² Republik Kongo
13%
26'338 km² Ruanda
13%
28'896 km² Salomonen
13%
752'618 km² Sambia
13%
41'277 km² Schweiz
13%
77'474 km² Serbien
13%
71'740 km² Sierra Leone
13%
390'757 km² Simbabwe
13%
20'273 km² Slowenien
13%
637'657 km² Somalia
13%
99'720 km² Südkorea
13%
644'329 km² Südsudan
13%
163'820 km² Suriname
13%
144'100 km² Tadschikistan
13%
747 km² Tonga
13%
5'128 km² Trinidad und Tobago
13%
163'610 km² Tunesien
13%
176'215 km² Uruguay
13%
331'210 km² Vietnam
13%
622'984 km² Zentralafrikanische Republik
13%
28'051 km² Äquatorialguinea
0%
86'600 km² Aserbaidschan
0%
112'622 km² Benin
0%
581'730 km² Botswana
0%
110'879 km² Bulgarien
0%
274'200 km² Burkina Faso
0%
48'670 km² Dominikanische Republik
0%
23'200 km² Dschibuti
0%
322'463 km² Elfenbeinküste
0%
117'600 km² Eritrea
0%
45'228 km² Estland
0%
18'274 km² Fidschi
0%
267'667 km² Gabun
0%
238'533 km² Ghana
0%
245'857 km² Guinea
0%
27'750 km² Haiti
0%
103'000 km² Island
0%
301'340 km² Italien
0%
89'342 km² Jordanien
0%
181'035 km² Kambodscha
0%
64'589 km² Lettland
0%
111'369 km² Liberia
0%
65'300 km² Litauen
0%
118'484 km² Malawi
0%
147'181 km² Nepal
0%
92'090 km² Portugal
0%
196'722 km² Senegal
0%
49'035 km² Slowakei
0%
65'610 km² Sri Lanka
0%
187'437 km² Syrien
0%
56'785 km² Togo
0%
78'867 km² Tschechien
0%
93'028 km² Ungarn
0%
Keine übereinstimmenden Quizze gefunden
Verteilung der Resultate
Anzahl Personen mit jedem Resultat
Perzentil nach korrekt beantworteten Fragen
Ihre Resultats-Entwicklung
Sie haben dieses Quiz seit der letzten Aktualisierung nicht gespielt